NBA Players from Illinois State - Statistics

General Stats
  • This quiz has been taken 9 times
    6 since last reset
  • The average score is 3 of 6
Answer Stats
Position Player Draft Year % Correct
GF Doug Collins 1973
100%
GF Antonio Reeves 2024
75%
GF DeVaughn Akoon-Purcell 2016
25%
FC Jeff Wilkins 1977
25%
G Robert Hawkins 1975
25%
G Zach Lofton 2018
25%
No matching quizzes found
Score Distribution
Percent of People with Each Score
Percentile by Number Answered
Your Score History
You have not taken this quiz since the last reset